Gora / (Record no. 154712)

MARC details
000 -LEADER
fixed length control field 00611nam a22002177a 4500
005 - DATE AND TIME OF LATEST TRANSACTION
control field 20180724131913.0
008 - FIXED-LENGTH DATA ELEMENTS--GENERAL INFORMATION
fixed length control field 180724b xxu||||| |||| 00| 0 eng d
010 ## - LCCN (DPL NO)
LC control number A-896682
020 ## - INTERNATIONAL STANDARD BOOK NUMBER
Terms of availability 185.00
035 ## - SYSTEM CONTROL NUMBER
System control number A-896682
037 ## - SOURCE OF ACQUISITION
Source of stock number/acquisition BPPD/PUB
040 ## - CATALOGING SOURCE
Original cataloging agency dpl
Language of cataloging English
082 ## - DEWEY DECIMAL CLASSIFICATION NUMBER
Classification number N
100 ## - MAIN ENTRY--PERSONAL NAME
Personal name Tagore, Rabindranath
245 ## - TITLE STATEMENT
Title Gora /
Statement of responsibility, etc by Rabindranath Tagore, Sujit Mukherjee, Meenakshi Mukherjee
260 ## - PUBLICATION, DISTRIBUTION, ETC. (IMPRINT)
Place of publication, distribution, etc New Delhi
Name of publisher, distributor, etc Sahitya akademi
Date of publication, distribution, etc 1997
270 ## - ADDRESS
Address 35 Ferozeshah Road,
City New Delhi
Postal code 110001
300 ## - PHYSICAL DESCRIPTION
Extent xxiv, 497p.
Dimensions 24cm. (pbk)
942 ## - ADDED ENTRY ELEMENTS (KOHA)
Source of classification or shelving scheme Dewey Decimal Classification
Item type English Books
Call number suffix TAG
Classification part N
Holdings
Withdrawn status Lost status Source of classification or shelving scheme Damaged status Not for loan Collection code Home library Current library Date acquired Source of acquisition Cost, normal purchase price Total Checkouts Full call number Barcode Date last seen Cost, replacement price Koha item type
    Dewey Decimal Classification     Fiction Shahdara Branch Shahdara Branch 24/07/2018 BPPD/PUB 185.00   N TAG A-896682 24/07/2018 185.00 English Books

© Delhi Public Library
Hit Counter
free hit counter